000 00639nam a2200253Ia 4500
005 20260121160553.0
008 008 260114s9999 xx 000 0 eng d
020 _a9781315682327
037 _aEBOOK
040 _aCRL
040 _beng
040 _cCRL
041 _2eng
041 _aeng
084 _qCRL
100 _a Faye Taxman; Pamela K. Lattimore; John R. Hepburn
_91033580
245 0 _aHandbook on Risk and Need Assessment
260 _bTaylor and Francis
260 _c2017
856 _uhttp://www.taylorfrancis.com/books/9781315682327
942 _cEBOOK
999 _c1600396
_d1600396